[Event "Czerniak Memorial 13th"]
[Site "Tel Aviv"]
[Date "1997.??.??"]
[Round "2"]
[White "Tyomkin, Dimitri"]
[Black "Summerscale, Aaron"]
[Result "0-1"]
[WhiteElo "2450"]
[BlackElo "2500"]
[Annotator "Huebner,R"]
[PlyCount "82"]
[EventDate "1997.04.04"]
[EventType "tourn"]
[EventRounds "11"]
[EventCountry "ISR"]
[EventCategory "10"]
[SourceTitle "CBM 059"]
[Source "ChessBase"]
[SourceDate "1997.08.01"]
[SourceVersion "1"]
[SourceVersionDate "1997.08.01"]
[SourceQuality "1"]

1. d4 d5 2. c4 c6 3. Nf3 Nf6 4. Nc3 dxc4 5. a4 Bf5 6. Ne5 e6 7. g3 Bb4 8. Bg2
Ne4 9. O-O Nxc3 10. bxc3 Bxc3 11. Ba3 Qxd4 12. Nxc4 Qxc4 13. Qd6 Bf6 14. Rfd1
e5 15. Qc7 Nd7 16. Qxb7 Rb8 17. Qxa7 Rd8 {Dies ist die erste Abweichung von
bekannten Vorbildern; in der Partie Shvidler-Soffer, Israel 1988 (Inf. 45/433)
geschah 17...Tc8. Analysen zu dieser Fortsetzung finden sich bei Z. Ribli,
Slawisch D16-19 (Informatormonographie), D17/55, Fußnote 350. Soweit ich sehe,
ist die Partie nach dem Textzug als beendet zu betrachten. 15.Dc7 verspricht
also nicht mehr als 15.Tab1 (Khalifman,A-Wojtkiewicz,A, Linares op 1997, CBM
58); der Anziehende wird wohl von der Anwendung dieser Opfervariante Abstand
nehmen müssen.} 18. Qc7 (18. Bd6 e4 $19) (18. Rac1 Qb3 $19) 18... e4 $19 19.
Rab1 c5 20. g4 Be6 21. Rbc1 Qxa4 22. Bxc5 Nxc5 23. Rxd8+ Bxd8 24. Qxc5 Be7 25.
Qc7 Qd7 26. Bxe4 Qxc7 27. Rxc7 Bxg4 28. Bc6+ Kf8 29. Bd5 g6 30. Ra7 Be6 31.
Bxe6 fxe6 32. e3 Kf7 33. Kg2 Rb8 34. Ra4 Rb4 35. Ra8 Rg4+ 36. Kf3 Rg1 37. Rh8
h5 38. Rh7+ Kf6 39. h3 Bd6 40. Rd7 Be5 41. Ke4 Rh1 0-1

[Event "Chebanenco Memorial 1st"]
[Site "Kishinev"]
[Date "1998.02.15"]
[Round "7"]
[White "Sakaev, Konstantin"]
[Black "Morozevich, Alexander"]
[Result "0-1"]
[WhiteElo "2620"]
[BlackElo "2590"]
[Annotator "Huebner,R"]
[PlyCount "56"]
[EventDate "1998.02.09"]
[EventType "tourn"]
[EventRounds "9"]
[EventCountry "MDA"]
[EventCategory "12"]
[SourceTitle "CBM 064"]
[Source "ChessBase"]
[SourceDate "1998.06.02"]
[SourceVersion "1"]
[SourceVersionDate "1998.06.02"]
[SourceQuality "1"]

1. d4 {Ftacnik} d5 2. c4 c6 3. Nf3 Nf6 4. Nc3 dxc4 5. a4 Bf5 6. Ne5 Nbd7 7.
Nxc4 Qc7 8. g3 e5 9. dxe5 Nxe5 10. Bf4 Nfd7 11. Bg2 f6 12. O-O Nc5 $146 {
Ftacnik: Black's plan is ambitious, weakness of the square b3 makes the threat
Rd8 quite dangerous. At the same time from e6 the knight might neutralize the
dangerous bishop f4. Dies ist eine beachtenswerte Neuerung. Schwarz nimmt
sofort den Kampf um das Feld e4 auf und ist außerdem bereit, mit dem Springer
auf b3 einzudringen.} ({Nach dem bisher üblichen} 12... Be6 {behält Weiß
Vorteil, zum Beispiel} 13. Nxe5 fxe5 14. Be3 Be7 15. a5 a6 16. Qc2 O-O 17. Rfd1
Rae8 18. Nd5 $16 {1-0 Capablanca,J-Brinckmann,A/Budapest 1929 (28)}) 13. e4 {
Die Freigabe des Feldes d3 birgt Risiken, ist aber nötig, wenn Weiß Raum für
seine Figuren gewinnen will.} (13. Nxe5 fxe5 14. Be3 Rd8 15. Qe1 Be7 16. Rd1 {
führt zu gleichem Spiel.}) (13. Ne3 {Ftacnik} Bg6 $1 (13... Rd8 14. Ncd5 Qd7
15. Nxf5 Qxf5 16. Ne3 $14 (16. Nc7+ Ke7 17. Qe1 $40)) (13... Be6 14. b4 Rd8 15.
Qb1 $16) 14. b4 Ne6 $13) (13. b4 {Ftacnik} Rd8 14. Qc1 Ne6 $11) 13... Bg6 (
13... Be6 {Ftacnik} 14. Nxe5 (14. Bxe5 fxe5 15. Qh5+ g6 16. Qxe5 Qxe5 17. Nxe5
Bg7 18. f4 Bxe5 19. fxe5 Nd7 $11) 14... fxe5 15. Qh5+ Qf7 16. Qxf7+ Bxf7 17.
Bxe5 Nd3 18. Bd4 $14) 14. Bxe5 $2 (14. Qe2 $11) (14. b4 {Ftacnik} Rd8 15. Qc2
Ne6 (15... Ncd3 16. Nxe5 fxe5 17. Bg5 Be7 $15) 16. Bxe5 fxe5 17. Rab1 Be7 $15)
14... fxe5 15. f4 Rd8 (15... exf4 {Ftacnik} 16. gxf4 Be7 17. Qe2 (17. Ne5 Qb6
18. a5 (18. Kh1 Qxb2 19. Nxg6 hxg6 $17) 18... Qxb2 $17) 17... Rd8 18. Rad1 Rxd1
19. Qxd1 $11) 16. Qg4 exf4 17. gxf4 (17. Qxf4 {Ftacnik} Qxf4 18. gxf4 Rd4 $1
19. Ne5 Bh5 $15) 17... Nd3 {Ftacnik: At first sight white plan doesn't look at
all bad. Black king sits in the middle and the pawns will be rolling soon.
Morozevich understands, that he needs a counterplay and a7-g1 diagonal suits
the purpose very well.} 18. Kh1 (18. Ne5 $2 {Ftacnik} Nxe5 19. Qe6+ Qe7 20.
Qxe5 Qxe5 21. fxe5 Bc5+ 22. Kh1 Bd4 23. e6 Ke7 $17) 18... Bc5 19. f5 (19. Qg3 {
Ftacnik} Rf8 20. f5 Qxg3 21. hxg3 Bf7 $19) 19... Bf7 (19... Qf7 $6 {Ftacnik}
20. e5 Bh5 21. Qh4 $13) 20. e5 {Weiß hat die Idee des Schwarzen mit äußerster
Schärfe bekämpft, aber der Springer auf d3 hindert ihn daran, die nötige
Koordination seiner Figuren herzustellen. Er bricht jetzt erstaunlich schnell
zusammen. Auch nach} (20. Qxg7 Rg8 (20... Bd4 $2 21. e5 $1 Rf8 22. Ne4 $1 $18)
21. Qxh7 Rd7 (21... Qd7 $1 {Ftacnik} 22. Nd2 (22. Na3 Qd4 23. Qh4 Rg4 24. Qxg4
Qg1+ $1 25. Rxg1 Nf2#) 22... Qd4 23. Nf3 Nf2+ 24. Kg1 (24. Rxf2 Qxf2 25. Rg1
Rd3 $19) 24... Qb4 $17) 22. Na3 Qe5 {dürfte er nicht überleben können.}) 20...
Bxc4 21. f6 $6 (21. Qxc4 Qxe5 22. Ne4 {leistete zäheren Widerstand.} (22. Ne4 {
Ftacnik} Be7 $19) (22. Qe6+ Qxe6 23. fxe6 Nf2+ 24. Kg1 Rd2 $19)) (21. e6 {
Ftacnik} Ne5 22. Qh5+ Kf8 23. Rfd1 Bd4 $19) 21... Qxe5 {Ftacnik: A rare
picture of an active defence, black pieces are dominating the board and this
saves the king on e8.} (21... Nxe5 {Ftacnik} 22. fxg7 Rg8 23. Qh5+ Bf7 24. Rxf7
Qxf7 (24... Nxf7 $2 25. Re1+ Be7 26. Qxh7 $18) 25. Qxe5+ Be7 26. Rg1 Rxg7 27.
Bxc6+ Kf8 28. Bxb7 Rxg1+ 29. Kxg1 Rd2 $17) (21... Nf2+ {Ftacnik} 22. Rxf2 Bxf2
23. Qxc4 $132) (21... Nxb2 {Ftacnik} 22. e6 g6 23. Qg5 $132) 22. Rf5 (22. fxg7
Rg8 23. Qxc4 Rxg7 24. Qe4 (24. Ne4 {Ftacnik} Rd4 25. Nf6+ Kd8 26. Ng4 (26. Qc2
Qxh2+ $3 27. Kxh2 Rh4+ 28. Bh3 Bd6+ 29. Kh1 Rxh3+ 30. Qh2 Rxh2#) 26... Qe2 $19)
24... Qxe4 25. Nxe4 Bd4 {war freilich auch hoffnungslos.}) (22. Qxc4 {Ftacnik}
gxf6 23. Ne4 Be7 (23... Rd4 24. Nxf6+ Qxf6 25. Qxd3) 24. Qb3 f5 $17) 22... Qe6
(22... Nf2+ $2 {Ftacnik} 23. Rxf2 Bxf2 24. Qxg7 $1 Bd4 (24... Rf8 25. f7+ Rxf7
26. Qxe5+ $18) 25. Qxh8+ $16) 23. fxg7 (23. Qxg7 {Ftacnik} Qxf5 24. Qxh8+ Kd7
25. Qg7+ Kc8 26. Ne4 Rg8 27. Rf1 Nf4 28. Nxc5 Rxg7 29. fxg7 Qg5 $19) 23... Rg8
24. Qh5+ Qg6 (24... Kd7 {Ftacnik} 25. Rxc5 Rxg7 26. Rd1 Kc8 $19) 25. Qe2+ (25.
Rxc5 {Ftacnik} Qxh5 $1 (25... Nxc5 26. Qxc5 Rxg7 27. Rg1 Qf7 28. Bxc6+ bxc6 29.
Rxg7 Qxg7 30. Qxc6+ Kf8 31. Qxc4 Qb7+ $17) 26. Rxh5 Rxg7 27. Ra5 Nf2+ 28. Kg1
Rd2 $19) 25... Be7 26. Rf8+ (26. Be4 {Ftacnik} Qxg7 27. Rd1 Rd6 $19) (26. Raf1
{Ftacnik} Rxg7 27. Rf8+ Kd7 28. Bh3+ Kc7 29. Rxd8 Kxd8 $19) 26... Rxf8 27.
gxf8=Q+ Kxf8 28. Be4 (28. Rf1+ {Ftacnik} Ke8 29. Be4 Qh6 30. b3 Nb2 $1 31. bxc4
Rd2 $19) 28... Qf7 (28... Qf7 {Ftacnik} 29. Bxd3 (29. Rf1 Nf4 30. Rxf4 Qxf4 31.
Qxc4 Rd2 $19) 29... Bxd3 30. Qe3 Qf5 $19) 0-1

[Event "Dos Hermanas"]
[Site "Dos Hermanas"]
[Date "1997.04.11"]
[Round "9"]
[White "Salov, Valery"]
[Black "Illescas Cordoba, Miguel"]
[Result "1-0"]
[WhiteElo "2665"]
[BlackElo "2635"]
[Annotator "Huebner,R"]
[PlyCount "81"]
[EventDate "1997.04.01"]
[EventType "tourn"]
[EventRounds "9"]
[EventCountry "ESP"]
[EventCategory "19"]
[SourceTitle "CBM 059"]
[Source "ChessBase"]
[SourceDate "1997.08.01"]
[SourceVersion "1"]
[SourceVersionDate "1997.08.01"]
[SourceQuality "1"]

1. d4 {Kortschnoj} Nf6 2. Nf3 d5 3. c4 c6 4. Nc3 dxc4 5. a4 Bf5 6. Ne5 e6 7. f3
Bb4 8. e4 Bxe4 9. fxe4 Nxe4 10. Bd2 Qxd4 11. Nxe4 Qxe4+ 12. Qe2 Bxd2+ 13. Kxd2
Qd5+ 14. Kc2 Na6 15. Nxc4 b5 (15... O-O-O {Kortschnoj}) 16. axb5 Nb4+ 17. Kc3
cxb5 18. Rd1 {Anand} bxc4 (18... Qc6 $2 {Kortschnoj} 19. Kxb4 $18) (18... Qc5 {
Kortschnoj} 19. Qe5 Nd5+ 20. Rxd5 Qxd5 21. Nd6+ Kf8 22. Qxd5 exd5 23. Bxb5 $16)
19. Rxd5 Nxd5+ 20. Kd2 {Dies scheint mir stärker zu sein als der von Topalov
gegen Anand gespielte Zug 20.Kc2; Weiß versucht, seinen König sofort am
Königsflügel in Sicherheit zu bringen.} (20. Kc2 {Kortschnoj} O-O 21. Qe4 Rfc8
22. h4 Rc5 23. Rh3 Rac8 24. Ra3 a5 25. Kc1 h5 26. Qd4 {1/2-1/2 Topalov,V-Anand,
V/Dos Hermanas 1997/CBM 59 [Huebner]}) 20... O-O 21. Qe5 (21. Qxc4 Rab8 {
genügt vielleicht auch, überläßt dem Nachziehenden aber unnötig viel
Gegenspiel.}) 21... Rac8 22. Be2 Rfd8 23. Rc1 Nb6+ (23... Nf4+ 24. Ke3 Nxg2+
25. Kf2 Nh4 26. Rxc4 $18 {Schwarz kann seinen a-Bauern nicht halten.}) (23...
c3+ 24. bxc3 Nxc3+ 25. Ke1 (25. Bd3 {Kortschnoj} Nd5 26. Rb1 $14) 25... Nd5 26.
Rxc8 Rxc8 27. Bf3 Nf6 28. g4 {ist ebenfalls hoffnungslos für Schwarz.}) 24. Ke1
Rd5 25. Qe3 Rb5 26. Rc2 g6 (26... h5 $5 {Kortschnoj}) 27. g4 Rcc5 28. Rd2 Nd5
29. Qe5 Rb3 30. h4 h6 31. Kf2 a5 32. Bf3 Rd3 33. Re2 Rb3 34. Qd6 Nb4 35. Be4
Nd3+ 36. Kf1 Re5 37. Qc7 Rc5 38. Qd8+ Kg7 39. Qd4+ e5 (39... Kg8 {Kortschnoj}
40. Bxg6 $1 fxg6 41. Rxe6 $18) 40. Qd6 Rbb5 41. Bxd3 (41. Bxd3 {Kortschnoj}
cxd3 42. Rf2 d2 43. Qf6+ $18) 1-0

[Event "New York op"]
[Site "New York"]
[Date "1998.03.18"]
[Round "5"]
[White "Filippov, Valerij"]
[Black "Ibragimov, Ildar"]
[Result "1/2-1/2"]
[WhiteElo "2595"]
[BlackElo "2590"]
[Annotator "Huebner,R"]
[PlyCount "117"]
[EventDate "1998.03.16"]
[EventType "swiss"]
[EventRounds "9"]
[EventCountry "USA"]
[SourceTitle "CBM 064"]
[Source "ChessBase"]
[SourceDate "1998.06.02"]
[SourceVersion "1"]
[SourceVersionDate "1998.06.02"]
[SourceQuality "1"]

1. Nf3 d5 2. d4 Nf6 3. c4 c6 4. Nc3 dxc4 5. a4 Bf5 6. Nh4 e6 7. Nxf5 exf5 8. e3
Bd6 9. Bxc4 O-O 10. h3 Nbd7 11. g4 (11. Qf3 Qa5 12. Bd3 (12. g4 $5 f4 $44)
12... g6 13. g4 f4 14. O-O Nd5 15. Ne4 Qc7 16. Nxd6 Qxd6 17. exf4 f5 18. gxf5
gxf5 $44 {0-1 Flores Alvarez,R-Letelier Martner,R/Mar del Plata 1936 (31)})
11... Ne4 12. gxf5 Qa5 13. Qc2 Ndf6 14. Bd3 Rfe8 15. f3 {Dies sieht riskant
aus. Solider erscheint mir die Fortsetzung} (15. Bd2 Qxf5 16. Nxe4 Nxe4 17. Bc3
{mit etwa gleichem Spiel.}) 15... Ng3 16. Rg1 Nd5 17. Kf2 {Dies ist offenbar
die einzige Fortsezung, die Widerstand leistet.} ({Nach} 17. Be4 Nxc3 18. bxc3
Nxe4 19. fxe4 Rxe4 20. Rg4 Rxg4 21. hxg4 Re8 {mit der Drohung Da5-d5 steht der
König des Weißen nackt da.}) (17. e4 Nxf5 {geht gar nicht an; das Zentrum des
Weißen bricht zusammen.}) 17... Nb4 18. Qb1 Nxd3+ 19. Qxd3 Qxf5 {Das Endspiel
sollte Weiß bei genauer Verteidigung nicht verlieren.} (19... Nxf5 {kam auch
in Betracht:} 20. Rg5 (20. d5 Ne7 (20... Re5 21. f4 {kostet den Nachziehenden
Material.}) 21. Qd4 (21. dxc6 Rad8 {sieht nicht besser aus.}) 21... Ng6 (21...
g6 22. Ne4 Nf5 23. Nf6+ Kh8 24. Qd3 {sieht ungünstig für Schwarz aus.}) 22.
dxc6 Bc5 {gibt dem Schwarzen eine starke Initiative.}) 20... g6 21. e4 h6 (
21... f6 22. exf5 (22. Rg1 Nxd4 {ist hoffnungslos für Weiß.}) 22... fxg5 23.
fxg6 {sieht für Schwarz nicht günstig aus;} h6 {scheitert an} 24. Qc4+ Kh8 25.
Qf7) 22. Rxf5 gxf5 23. Bxh6 Kh7 24. Be3 {führt zu einer unklaren Lage; Weiß
droht e4-e5.}) 20. Qxf5 Nxf5 21. Ne4 Be7 22. b3 (22. Bd2 Rad8 23. Rad1 {
sieht solider aus.}) 22... Rad8 23. Ba3 $6 (23. Ra2 {dürfte noch zur Wahrung
des Gleichgewichtes genügen.}) 23... Bh4+ 24. Ke2 Nxd4+ 25. exd4 f5 $17 26. Ke3
(26. Kd3 {scheitert an} fxe4+ 27. fxe4 Bf2) 26... Re6 27. Ra2 $2 {Danach
dürfte Weiß verloren sein. Versucht werden sollte} (27. Bb2 Bf6 28. d5 Bxb2 29.
dxe6 Bxa1 30. Rxa1 fxe4 31. Kxe4 Rd6 32. Ke5 {obwohl Weiß nach 32...Td6-d5+
nebst Kg8-f8 noch immer in Verlustgefahr schwebt.}) 27... Rde8 28. Rag2 Bf6 29.
Rd1 fxe4 30. f4 Rd8 31. f5 Ree8 32. Rg4 Rd5 $2 (32... h5 {war stärker; auf} 33.
Rxe4 {folgt} Bg5+ 34. Kf3 Rxe4 35. Kxe4 Re8+ {nebst Te8-e3+ mit vorzüglichen
Gewinnaussichten für Schwarz. Wenn der Turm des Weißen von g4 zurückweicht,
ist 33...Td8-d5 sehr stark.}) 33. Rxe4 Bg5+ 34. Kd3 Red8 35. Rde1 Rxf5 36. Be7
Rd7 37. Kc4 $2 ({Nach} 37. Bxg5 Rxg5 38. Kc4 {hat Weiß ausgezeichnete
Remisaussichten.}) 37... Bxe7 $2 {Das Turmendspiel ist sehr remisträchtig.
Besser war} (37... b5+ 38. Kd3 Rf3+ 39. Kc2 (39. Ke2 Rf4 $19) 39... Bxe7 (39...
Bh6 40. Bc5 Rxh3 41. Re8+ (41. Rf1 Rd8 {dürfte Weiß nicht überleben können.})
41... Kf7 42. Rf8+ Kg6 43. Re6+ Kh5 44. Rxc6 bxa4 45. bxa4 g5 46. Ra8 g4 47.
Rxa7 Rxa7 48. Bxa7 Be3 49. Kd3 $13) 40. Rxe7 Rxe7 (40... Rxd4 41. Rxa7 {
überläßt dem Weißen zu viel Aktivität.}) 41. Rxe7 bxa4 42. bxa4 Rxh3 43. Rxa7
h5 {mit vorzüglichen Gewinnaussichten für Schwarz.}) 38. Rxe7 Rfd5 39. Rxd7
Rxd7 40. b4 a6 41. Re5 {Nachdem die Zeitkontrolle überstanden ist, hat sich
eine klare Remisstellung ergeben.} Kf7 42. b5 axb5+ 43. axb5 Rd6 44. h4 cxb5+
45. Rxb5 b6 46. h5 g6 47. Kd3 Ke6 48. hxg6 hxg6 49. Ke4 Kd7 50. d5 Kc7 51. Rb1
g5 52. Rc1+ Kd7 53. Ke5 g4 54. Ra1 Rg6 55. Ra7+ Kc8 56. Kf5 Kb8 57. Ra4 Rg8 58.
Rxg4 Rxg4 59. Kxg4 1/2-1/2